<?xml version="1.0" encoding="UTF-8"?>
<record
    xmlns:xsi="http://www.w3.org/2001/XMLSchema-instance"
    xsi:schemaLocation="http://www.loc.gov/MARC21/slim http://www.loc.gov/standards/marcxml/schema/MARC21slim.xsd"
    xmlns="http://www.loc.gov/MARC21/slim">

  <leader>01192nam a2200349 a 4500</leader>
  <controlfield tag="001">000016936</controlfield>
  <controlfield tag="003">DO-SdBNP</controlfield>
  <controlfield tag="005">20180402155721.0</controlfield>
  <controlfield tag="007">000016936</controlfield>
  <controlfield tag="008">100312s1986    dr            000 0 spa d</controlfield>
  <datafield tag="040" ind1=" " ind2=" ">
    <subfield code="a">BPMSU</subfield>
    <subfield code="b">spa</subfield>
    <subfield code="c">BPMSU</subfield>
  </datafield>
  <datafield tag="082" ind1=" " ind2="4">
    <subfield code="a">378.1012</subfield>
    <subfield code="b">U58r, 1986</subfield>
  </datafield>
  <datafield tag="110" ind1="1" ind2=" ">
    <subfield code="a">Universidad Aut&#xF3;noma de Santo Domingo</subfield>
  </datafield>
  <datafield tag="245" ind1="1" ind2="4">
    <subfield code="a">Los reglamentos de la UASD.</subfield>
  </datafield>
  <datafield tag="260" ind1=" " ind2=" ">
    <subfield code="a">Santo Domingo :</subfield>
    <subfield code="b">Editora Universitaria,</subfield>
    <subfield code="c">1986-1988</subfield>
  </datafield>
  <datafield tag="300" ind1=" " ind2=" ">
    <subfield code="a">2v. ;</subfield>
    <subfield code="c">21 cm.</subfield>
  </datafield>
  <datafield tag="490" ind1="1" ind2=" ">
    <subfield code="a">Publicaciones de la Universidad Aut&#xF3;noma de Santo Domingo</subfield>
    <subfield code="v">489, 603</subfield>
  </datafield>
  <datafield tag="490" ind1="1" ind2=" ">
    <subfield code="a">Universidad y planificaci&#xF3;n</subfield>
    <subfield code="v">6, 11</subfield>
  </datafield>
  <datafield tag="610" ind1="1" ind2="4">
    <subfield code="a">UNIVERSIDAD AUT&#xD3;NOMA DE SANTO DOMINGO</subfield>
    <subfield code="x">REGLAMENTOS</subfield>
  </datafield>
  <datafield tag="650" ind1=" " ind2="4">
    <subfield code="a">UNIVERSIDADES</subfield>
    <subfield code="v">REGLAMENTOS</subfield>
  </datafield>
  <datafield tag="830" ind1=" " ind2="0">
    <subfield code="a">Publicaciones de la Universidad Aut&#xF3;noma de Santo Domingo</subfield>
    <subfield code="n">489, 603</subfield>
  </datafield>
  <datafield tag="830" ind1=" " ind2="0">
    <subfield code="a">Universidad y planificaci&#xF3;n</subfield>
    <subfield code="n">6, 11</subfield>
  </datafield>
  <datafield tag="910" ind1=" " ind2=" ">
    <subfield code="a">Validado. Control de calidad BNPHU</subfield>
  </datafield>
  <datafield tag="930" ind1=" " ind2="1">
    <subfield code="l"> </subfield>
    <subfield code="m"> </subfield>
    <subfield code="h"> </subfield>
    <subfield code="8"> </subfield>
    <subfield code="f"> </subfield>
    <subfield code="p"> </subfield>
    <subfield code="g"> </subfield>
    <subfield code="h"> </subfield>
  </datafield>
  <datafield tag="930" ind1=" " ind2=" ">
    <subfield code="l"> </subfield>
    <subfield code="m"> </subfield>
    <subfield code="h"> </subfield>
    <subfield code="8"> </subfield>
    <subfield code="f"> </subfield>
    <subfield code="p"> </subfield>
    <subfield code="g"> </subfield>
    <subfield code="h"> </subfield>
  </datafield>
  <datafield tag="942" ind1=" " ind2=" ">
    <subfield code="2">ddc</subfield>
    <subfield code="c">BK</subfield>
  </datafield>
  <datafield tag="945" ind1=" " ind2=" ">
    <subfield code="a">Remanejado para la BNPHU / BT</subfield>
  </datafield>
  <datafield tag="952" ind1=" " ind2=" ">
    <subfield code="0">0</subfield>
    <subfield code="1">0</subfield>
    <subfield code="2">ddc</subfield>
    <subfield code="4">0</subfield>
    <subfield code="7">0</subfield>
    <subfield code="8">CD</subfield>
    <subfield code="a">BPMET</subfield>
    <subfield code="b">BPMET</subfield>
    <subfield code="d">2015-08-06</subfield>
    <subfield code="l">0</subfield>
    <subfield code="o">378.1012  U58r  1986</subfield>
    <subfield code="p">BPMSU15080098</subfield>
    <subfield code="r">2015-08-06</subfield>
    <subfield code="t">v. 1</subfield>
    <subfield code="w">2015-08-06</subfield>
    <subfield code="y">BK</subfield>
  </datafield>
  <datafield tag="952" ind1=" " ind2=" ">
    <subfield code="0">0</subfield>
    <subfield code="1">0</subfield>
    <subfield code="2">ddc</subfield>
    <subfield code="4">0</subfield>
    <subfield code="7">0</subfield>
    <subfield code="8">CD</subfield>
    <subfield code="a">BPMET</subfield>
    <subfield code="b">BPMET</subfield>
    <subfield code="d">2015-08-06</subfield>
    <subfield code="l">0</subfield>
    <subfield code="o">378.1012  U58r  1986</subfield>
    <subfield code="p">BPMSU15080099</subfield>
    <subfield code="r">2015-08-06</subfield>
    <subfield code="t">v. 1, e. 2</subfield>
    <subfield code="w">2015-08-06</subfield>
    <subfield code="y">BK</subfield>
  </datafield>
  <datafield tag="952" ind1=" " ind2=" ">
    <subfield code="0">0</subfield>
    <subfield code="1">0</subfield>
    <subfield code="2">ddc</subfield>
    <subfield code="4">0</subfield>
    <subfield code="7">0</subfield>
    <subfield code="8">CD</subfield>
    <subfield code="a">BPMET</subfield>
    <subfield code="b">BPMET</subfield>
    <subfield code="d">2015-08-06</subfield>
    <subfield code="l">0</subfield>
    <subfield code="o">378.1012  U58r  1988</subfield>
    <subfield code="p">BPMSU15080100</subfield>
    <subfield code="r">2015-08-06</subfield>
    <subfield code="t">v. 2</subfield>
    <subfield code="w">2015-08-06</subfield>
    <subfield code="y">BK</subfield>
  </datafield>
  <datafield tag="956" ind1=" " ind2=" ">
    <subfield code="a"> </subfield>
    <subfield code="b"> </subfield>
    <subfield code="c"> </subfield>
    <subfield code="l"> </subfield>
    <subfield code="h"> </subfield>
  </datafield>
  <datafield tag="956" ind1=" " ind2=" ">
    <subfield code="a"> </subfield>
    <subfield code="b"> </subfield>
    <subfield code="c"> </subfield>
    <subfield code="l"> </subfield>
    <subfield code="h"> </subfield>
  </datafield>
  <datafield tag="956" ind1=" " ind2=" ">
    <subfield code="a"> </subfield>
    <subfield code="b"> </subfield>
    <subfield code="c"> </subfield>
    <subfield code="l"> </subfield>
    <subfield code="h"> </subfield>
  </datafield>
  <datafield tag="956" ind1=" " ind2=" ">
    <subfield code="a">VMATEO</subfield>
    <subfield code="b">10</subfield>
    <subfield code="c">20150806</subfield>
    <subfield code="l">BPMSU</subfield>
    <subfield code="h">00151</subfield>
  </datafield>
  <datafield tag="999" ind1=" " ind2=" ">
    <subfield code="c">8088</subfield>
    <subfield code="d">8088</subfield>
  </datafield>
</record>
